Sports Quiz

Random Sports Quiz

600 home runs Quiz Stats

 Plays Quiz not verified by Sporcle

Score 0/7 Timer 02:00
0 Plays Today
Years Played Players % Correct
1986-2007Barry Bonds
100%
1954-1976Hank Aaron
98.8%
1914-1935Babe Ruth
96.4%
1994-PresentAlex Rodriguez
95.2%
1951-1973Willie Mays
94%
1989-2007Sammy Sosa
90.5%
1989-2010Ken Griffey Jr.
77.4%

You're not logged in!

Compare scores with friends on all Sporcle quizzes.
OR
Log In

Show Comments

Extras

Created Jan 4, 2011ReportNominate
Tags:600, home, player, run, team

Top Quizzes Today


Score Distribution

Your Account Isn't Verified!

In order to create a playlist on Sporcle, you need to verify the email address you used during registration. Go to your Sporcle Settings to finish the process.

Report this User

Report this user for behavior that violates our Community Guidelines.

Details: